<?xml version="1.0" encoding="UTF-8"?>
<record
    xmlns:xsi="http://www.w3.org/2001/XMLSchema-instance"
    xsi:schemaLocation="http://www.loc.gov/MARC21/slim http://www.loc.gov/standards/marcxml/schema/MARC21slim.xsd"
    xmlns="http://www.loc.gov/MARC21/slim">

  <leader>01354cam a22003011  4500</leader>
  <controlfield tag="001">sa 68018585 </controlfield>
  <controlfield tag="003">DLC</controlfield>
  <controlfield tag="005">20260227112713.0</controlfield>
  <controlfield tag="008">890922s1963    ii       b    000 0 arar </controlfield>
  <datafield tag="010" ind1=" " ind2=" ">
    <subfield code="a">sa 68018585 </subfield>
  </datafield>
  <datafield tag="025" ind1=" " ind2=" ">
    <subfield code="a">PL480:I-Ar-71</subfield>
  </datafield>
  <datafield tag="035" ind1=" " ind2=" ">
    <subfield code="a">(OCoLC)20383274</subfield>
  </datafield>
  <datafield tag="040" ind1=" " ind2=" ">
    <subfield code="a">DLC</subfield>
    <subfield code="c">WaU</subfield>
    <subfield code="d">WaU</subfield>
    <subfield code="d">DLC</subfield>
  </datafield>
  <datafield tag="041" ind1="0" ind2=" ">
    <subfield code="a">araurd</subfield>
  </datafield>
  <datafield tag="050" ind1="0" ind2="0">
    <subfield code="a">PJ7741.I16</subfield>
    <subfield code="b">M8</subfield>
  </datafield>
  <datafield tag="100" ind1="2" ind2=" ">
    <subfield code="a">Ibn al-Dumaynah, &#x2BB;Abd All&#x101;h ibn &#x2BB;Ubayd All&#x101;h,</subfield>
    <subfield code="d">-approximately 747.</subfield>
  </datafield>
  <datafield tag="245" ind1="1" ind2="3">
    <subfield code="a">al-Mukht&#x101;r min shi&#x2BB;r Ibn al-Dumaynah,</subfield>
    <subfield code="c">ikhtiy&#x101;r Ab&#x12B; Bakr Mu&#x1E25;ammad wa-Ab&#x12B; &#x2BB;Uthm&#x101;n Sa&#x2BB;&#x12B;d ibnay H&#x101;shim al-ma&#x2BB;r&#x16B;f[&#x12B;n] bi-al-Ikhtiy&#x101;r&#x12B;n. &#x2BC;Uniy&#xE1; bi-nashrihi wa-ta&#x1E25;q&#x12B;qihi wa-wa&#x1E0D;&#x2BC; fah&#x101;risahu Mukht&#x101;r al-D&#x12B;n A&#x1E25;mad.</subfield>
  </datafield>
  <datafield tag="260" ind1=" " ind2=" ">
    <subfield code="a">[&#x2BB;Al&#x12B;garh]</subfield>
    <subfield code="b">Ma&#x2BB;had al-Dir&#x101;s&#x101;t al-Isl&#x101;m&#x12B;yah bi-J&#x101;mi&#x2BB;at &#x2BB;Al&#x12B;garh</subfield>
    <subfield code="c">[1963]</subfield>
  </datafield>
  <datafield tag="300" ind1=" " ind2=" ">
    <subfield code="a">3, 19, 78 p.</subfield>
    <subfield code="c">25 cm.</subfield>
  </datafield>
  <datafield tag="490" ind1="1" ind2=" ">
    <subfield code="a">Silsilat ma&#x1E6D;b&#x16B;&#x2BB;&#x101;t al-Ma&#x2BB;had lil-Dir&#x101;s&#x101;t al-Isl&#x101;m&#x12B;yah,</subfield>
    <subfield code="v">10</subfield>
  </datafield>
  <datafield tag="500" ind1=" " ind2=" ">
    <subfield code="a">Introd. in Urdu.</subfield>
  </datafield>
  <datafield tag="500" ind1=" " ind2=" ">
    <subfield code="a">Cover title: al-Mukhtar min sh&#x2BC;r Ibn Damm&#x12B;nah [by] Kh&#x101;lidayn.</subfield>
  </datafield>
  <datafield tag="504" ind1=" " ind2=" ">
    <subfield code="a">Bibliography: p. [70]-74.</subfield>
  </datafield>
  <datafield tag="700" ind1="1" ind2=" ">
    <subfield code="a">Kh&#x101;lid&#x12B;, Mu&#x1E25;ammad ibn H&#x101;shim,</subfield>
    <subfield code="d">-approximately 990,</subfield>
    <subfield code="e">comp.</subfield>
  </datafield>
  <datafield tag="700" ind1="1" ind2=" ">
    <subfield code="a">Kh&#x101;lid&#x12B;, Sa&#x2BB;&#x12B;d ibn H&#x101;shim,</subfield>
    <subfield code="d">-981 or 982.</subfield>
  </datafield>
  <datafield tag="700" ind1="0" ind2=" ">
    <subfield code="a">Mukht&#x101;r al-D&#x12B;n, A&#x1E25;mad,</subfield>
    <subfield code="e">ed.</subfield>
  </datafield>
  <datafield tag="810" ind1="2" ind2=" ">
    <subfield code="a">Aligarh Muslim University.</subfield>
    <subfield code="b">Institute of Islamic Studies.</subfield>
    <subfield code="t">Publication ;</subfield>
    <subfield code="v">10.</subfield>
  </datafield>
  <datafield tag="999" ind1=" " ind2=" ">
    <subfield code="c">88523</subfield>
    <subfield code="d">88523</subfield>
  </datafield>
</record>
